Camille / (Record no. 1104591)

MARC details
000 -LEADER
fixed length control field 00956nam a2200313 a 4500
001 - CONTROL NUMBER
control field vtls001658463
003 - CONTROL NUMBER IDENTIFIER
control field NLI
005 - DATE AND TIME OF LATEST TRANSACTION
control field 20210628143012.0
008 - FIXED-LENGTH DATA ELEMENTS--GENERAL INFORMATION
fixed length control field 130205s1960 ii 000 1 mal
020 ## - INTERNATIONAL STANDARD BOOK NUMBER
Terms of availability Rs. 4.50
039 #9 - LEVEL OF BIBLIOGRAPHIC CONTROL AND CODING DETAIL [OBSOLETE]
-- 201302051901
-- VLOAD
040 0# - CATALOGING SOURCE
Original cataloging agency NLI
Language of cataloging mal
Transcribing agency ENTERTECH - MALAYALAM
Description conventions AACR2
041 1# - LANGUAGE CODE
Language code of text/sound track or separate title mal
044 ## - COUNTRY OF PUBLISHING/PRODUCING ENTITY CODE
MARC country code ii
082 04 - DEWEY DECIMAL CLASSIFICATION NUMBER
Classification number 843.7
100 1# - MAIN ENTRY--PERSONAL NAME
Personal name Dumas, Alexandre
9 (RLIN) 694808
245 10 - TITLE STATEMENT
Title Camille /
Statement of responsibility, etc. Alexandre Dumas ; translated by Panekkutt Sankaram
260 ## - PUBLICATION, DISTRIBUTION, ETC.
Place of publication, distribution, etc. Palghat :
Name of publisher, distributor, etc. Udaya Publications,
Date of publication, distribution, etc. 1960
500 ## - GENERAL NOTE
General note Library has 2 cops.
650 #0 - SUBJECT ADDED ENTRY--TOPICAL TERM
Topical term or geographic name entry element French fiction
Chronological subdivision 19th century
General subdivision Translations into Malayalam
700 1# - ADDED ENTRY--PERSONAL NAME
Personal name Sankaram, Panekkutt,
Relationship trl
9 (RLIN) 1095908
887 ## - NON-MARC INFORMATION FIELD
Content of non-MARC field
901 ## - LOCAL DATA ELEMENT A, LDA (RLIN)
a 4734
b 29.04.1960
901 ## - LOCAL DATA ELEMENT A, LDA (RLIN)
a 5106
b 02.01.1961
9 c.2
902 ## - LOCAL DATA ELEMENT B, LDB (RLIN)
a Mal 843.7 Du 859 ks
949 ## - LOCAL PROCESSING INFORMATION (OCLC)
-- VIRTUAITEM
-- 10000
-- 100
6 DBA000005106MAL
942 ## - ADDED ENTRY ELEMENTS (KOHA)
Source of classification or shelving scheme Dewey Decimal Classification
Koha item type Books
949 ## - LOCAL PROCESSING INFORMATION (OCLC)
-- VIRTUAITEM
-- 10000
-- 100
6 DBA000004734MAL
Holdings
Withdrawn status Lost status Damaged status Not for loan Collection code Home library Current library Shelving location Date acquired Total Checkouts Full call number Barcode Date last seen Price effective from Koha item type
        Malayalam National Library of India National Library of India       Mal 843.7 Du 859 ks DBA000005106MAL 28/06/2021 28/06/2021 Books
        Malayalam National Library of India National Library of India       Mal 843.7 Du 859 ks DBA000004734MAL 28/06/2021 28/06/2021 Books
                                                                           
web counter

Copyright ©2020 The National Library of India, Govt. of India ↔ Hosted by NVLI, MOC ↔ Technology and Design by National Library of India, Ministry of Culture, Govt. of India